000 00814nam a22002533 4500
001 21263
003 BD-RjUL
005 20211209000651.0
008 140304s1910 enk 000 0 d
020 _a723100780
035 _aCD-0000815096
_a(BD-RjUL)21327
040 _aBD-RjUL
_beng
_cBD-RjUL
_dBD-RjUL
041 _aeng
082 _a052
_bSHS 1910
100 1 _aShelley, Percy Bysshe.
_965742
245 1 0 _aShelley; Adonais :
_b an elegy on the death of John Keats, author of Endymion, Hyperion, etc /
_c ed. by A.R. Weekes.
260 _aLondon :
_c1910
_bUniversity tutorial press,
300 _c15 cm.
_a83 p. :
600 _d Keats, John, 1795-1821.
_965745
690 0 0 _aPoetry
_xMiscellaneous
_2pre20
_933
700 1 _aWeekes, Agnes Russell,
_eed.
_965744
752 _aEngland
_dLondon
942 _2ddc
_cBK
999 _c21263
_d21263